| 000 | 00602nam a22002417a 4500 | ||
|---|---|---|---|
| 003 | UA-OsUOA | ||
| 001 | 30817 | ||
| 007 | ta | ||
| 008 | 20041115b un ||||| |||| 00| 0 ukr d | ||
| 090 |
_a82.09 _bП91 |
||
| 942 | _cBK | ||
| 040 |
_aUA-OsUOA _brus _cUA-OsUOA _dUA-OsUOA |
||
| 245 |
_aПушкин _bВременник пушкинской комиссии |
||
| 300 |
_a518 с. _bІлюстрації |
||
| 955 | _a0 | ||
| 041 | _arus | ||
| 080 | _a82.09 | ||
| 260 |
_aМосква _bИзд-во АН СССР _c1936 |
||
| 246 | 3 | 1 |
_aТ. 2 _n |
| 044 | _aRU | ||
| 650 | 7 | _2UDC | |
| 999 |
_c317232 _d317232 |
||